MARC details
| 000 -LEADER |
| campo de control de longitud fija |
01214nam a2200313 4500 |
| 001 - NÚMERO DE CONTROL |
| campo de control |
12428 |
| 003 - IDENTIFICADOR DE NÚMERO DE CONTROL |
| campo de control |
ES-MaACL |
| 005 - FECHA Y HORA DE LA ÚLTIMA TRANSACCIÓN |
| campo de control |
20250801151217.0 |
| 007 - CAMPO FIJO DE DESCRIPCIÓN FÍSICA--INFORMACIÓN GENERAL |
| campo de control de longitud fija |
t| |
| 008 - DATOS DE LONGITUD FIJA--INFORMACIÓN GENERAL |
| campo de control de longitud fija |
010322m19801985sp ||||0| spa d |
| 016 7# - NÚMERO DE CONTROL DE UNA AGENCIA BIBLIOGRÁFICA NACIONAL |
| Número de control cancelado/no válido |
IBH8405823677 |
| 020 ## - NÚMERO INTERNACIONAL ESTÁNDAR DEL LIBRO |
| Número Internacional Estándar del Libro |
84-7392-147-X |
| 040 ## - FUENTE DE CATALOGACIÓN |
| Centro catalogador/agencia de origen |
IBH |
| Lengua de catalogación |
spa |
| Centro/agencia transcriptor |
M-BN-DP |
| 080 ## - NÚMERO DE LA CLASIFICACIÓN DECIMAL UNIVERSAL |
| Número de la Clasificación Decimal Universal |
860-97.09(082.2) |
| 080 ## - NÚMERO DE LA CLASIFICACIÓN DECIMAL UNIVERSAL |
| Número de la Clasificación Decimal Universal |
248(46) |
| 245 00 - MENCIÓN DEL TÍTULO |
| Título |
Antología de la literatura espiritual española / |
| Mención de responsabilidad, etc. |
[selección] Pedro Sáinz Rodríguez. |
| 260 ## - PUBLICACIÓN, DISTRIBUCIÓN, ETC. |
| Lugar de publicación, distribución, etc. |
Salamanca : |
| Nombre del editor, distribuidor, etc. |
Universidad Pontificia ; |
| Lugar de publicación, distribución, etc. |
[Madrid] : |
| Nombre del editor, distribuidor, etc. |
Fundación Universitaria Española, |
| Fecha de publicación, distribución, etc. |
1980-1985. |
| 300 ## - DESCRIPCIÓN FÍSICA |
| Extensión |
4 v. ; |
| Dimensiones |
19 cm. |
| 490 1# - MENCIÓN DE SERIE |
| Mención de serie |
Colección Espirituales españoles. Seria A, Textos ; |
| Designación de volumen o secuencia |
28 |
| 504 ## - NOTA DE BIBLIOGRAFÍA, ETC. |
| Nota de bibliografía, etc. |
Bibliografía. |
| 505 8# - NOTA DE CONTENIDO CON FORMATO |
| Nota de contenido con formato |
1. Edad Media -- 2. Siglo XVI (Volumen I) -- 3. Siglo XVI (Volumen II) -- 4. Siglo XVII |
| 650 17 - PUNTO DE ACCESO ADICIONAL DE MATERIA--TÉRMINO DE MATERIA |
| Término de materia o nombre geográfico como elemento de entrada |
Literatura religiosa española |
| Fuente del encabezamiento o término |
embne |
| 9 (RLIN) |
14659 |
| 700 1# - ENTRADA AGREGADA--NOMBRE PERSONAL |
| Nombre de persona |
Sainz Rodríguez, Pedro, |
| Fechas asociadas al nombre |
1898-1986 |
| 9 (RLIN) |
101608 |
| 710 2# - ENTRADA AGREGADA--NOMBRE DE ENTIDAD CORPORATIVA |
| Nombre de entidad corporativa o nombre de jurisdicción como elemento de entrada |
Universidad Pontificia de Salamanca. |
| 9 (RLIN) |
7447 |
| 710 2# - ENTRADA AGREGADA--NOMBRE DE ENTIDAD CORPORATIVA |
| Nombre de entidad corporativa o nombre de jurisdicción como elemento de entrada |
Fundación Universitaria Española. |
| 9 (RLIN) |
4426 |
| 830 0# - PUNTO DE ACCESO ADICIONAL DE SERIE-TÍTULO UNIFORME |
| Título uniforme |
Colección Espirituales españoles. Seria A, Textos ; |
| Designación de volumen o secuencia |
28 |
| 9 (RLIN) |
228298 |
| 852 ## - LOCALIZACIÓN |
| Ubicación |
ES-MaACL |
| Número de control de estantería |
G-3961-64 |
| Sublocalización o colección |
R.123650 |